000 00567nam a22002177a 4500
003 LK-CoMWRAF
005 20231014173804.0
008 231014b |||||||| |||| 00| 0 eng d
020 _a0253356806
040 _aLK-CoMWRAF
_dLK-CoMWRAF
_eLK-CoMWRAF
041 _aeng
082 _a371.1
_bPUL
100 _aPullias, Earl V.
110 _aYoung, James D.
245 _a A Teacher is many things
250 _a2nd Edition
260 _aBloomington ;
_bIndiana University Press,
_c1977.
300 _axxiii,295p. ; 22cm.
650 _aTeaching
942 _cBK
999 _c3864
_d3864